ՀՀ Գիտությունների ազգային ակադեմիայի հիմնարար գիտական գրադարան  =   Fundamental Scientific Library of NAS RA

История швейцарского народа : (Record no. 533732)

MARC details
000 -LEADER
fixed length control field 01151nam a2200253 a 4500
001 - CONTROL NUMBER
control field 1390241
003 - CONTROL NUMBER IDENTIFIER
control field AM-YeHGA
005 - DATE AND TIME OF LATEST TRANSACTION
control field 20250617165037.0
008 - FIXED-LENGTH DATA ELEMENTS--GENERAL INFORMATION
fixed length control field 180814s1898 ru a||||r|||||00||0|rus|d
040 ## - CATALOGING SOURCE
Original cataloging agency AM-YeHGA
041 1# - LANGUAGE CODE
Language code of text/sound track or separate title rus
Language code of original fre
090 ## - LOCALLY ASSIGNED LC-TYPE CALL NUMBER (OCLC); LOCAL CALL NUMBER (RLIN)
-- 573159
100 1# - MAIN ENTRY--PERSONAL NAME
Personal name Ван Мюйден, Бертольд
245 10 - TITLE STATEMENT
Title История швейцарского народа :
Remainder of title [В 4-х томах] /
Statement of responsibility, etc. Ван-Мюйден ; Пер. с фр. под ред. Э.Л. Радлова.
260 ## - PUBLICATION, DISTRIBUTION, ETC.
Place of publication, distribution, etc. Санкт-Петербург :
Name of publisher, distributor, etc. Л.Ф. Пантелеев,
Date of publication, distribution, etc. 1898 -
300 ## - PHYSICAL DESCRIPTION
Extent том
505 10 - FORMATTED CONTENTS NOTE
Miscellaneous information Т. 1 (1898, [2], VIII, 419 с., ил.)
-- Т. 2 (1900, [2], X, 444 с., ил.)
-- Т. 3 (1902, [2], 480 с., ил.)
650 14 - SUBJECT ADDED ENTRY--TOPICAL TERM
Topical term or geographic name entry element История
Geographic subdivision Швейцария
650 14 - SUBJECT ADDED ENTRY--TOPICAL TERM
Topical term or geographic name entry element Внешняя и внутренняя политика
Geographic subdivision Швейцария
650 14 - SUBJECT ADDED ENTRY--TOPICAL TERM
Topical term or geographic name entry element Общественный и политический строй Швейцарии
653 0# - INDEX TERM--UNCONTROLLED
Uncontrolled term Освободительные войны - Итальянские войны
700 1# - ADDED ENTRY--PERSONAL NAME
Personal name Радлов, Эрнест Львович
Relator term ред.
Relationship edt
942 ## - ADDED ENTRY ELEMENTS (KOHA)
Source of classification or shelving scheme Universal Decimal Classification
Koha item type Գրքեր / Books
Holdings
Withdrawn status Lost status Source of classification or shelving scheme Damaged status Not for loan Collection Home library Current library Date acquired Serial enumeration / chronology Total checkouts Full call number Barcode Date last seen Price effective from Koha item type Public note
    Universal Decimal Classification     Kusikian Individual Collection Fundamental Scientific Library Fundamental Scientific Library 20/03/2025 Т. 1   Кус/1692 FL0686299 20/03/2025 20/03/2025 Գրքեր / Books ILL Non-Circ.
    Universal Decimal Classification     Kusikian Individual Collection Fundamental Scientific Library Fundamental Scientific Library 20/03/2025 Т. 2   Кус/1693 FL0686298 20/03/2025 20/03/2025 Գրքեր / Books ILL Non-Circ.
    Universal Decimal Classification     Kusikian Individual Collection Fundamental Scientific Library Fundamental Scientific Library 20/03/2025 Т. 3   Кус/1694 FL0686297 20/03/2025 20/03/2025 Գրքեր / Books ILL Non-Circ.


ՀՀ ԳԱԱ հիմնարար գիտական գրադարան
ՀՀ,Երևան 0019
Մարշալ Բաղրամյան 24/6
հեռախոս:(374-10) 52-47-50
Հետադարձ կապ

All site content, except where otherwise noted, is licensed under a
Creative Commons License